Building control performance standards updated (Record no. 72772)
[ view plain ]
| 000 -LEADER | |
|---|---|
| fixed length control field | 01471cam a2200217 4500 |
| 001 - CONTROL NUMBER | |
| control field | WB3920-01 |
| 008 - FIXED-LENGTH DATA ELEMENTS--GENERAL INFORMATION | |
| fixed length control field | 030528n2003 000 0 eng u |
| 035 ## - SYSTEM CONTROL NUMBER | |
| System control number | (Sirsi) u122430 |
| 245 ## - TITLE STATEMENT | |
| Title | Building control performance standards updated |
| 260 ## - PUBLICATION, DISTRIBUTION, ETC. | |
| Date of publication, distribution, etc. | 2003 |
| 490 ## - SERIES STATEMENT | |
| Series statement | RICS Building Control Forum News |
| Volume/sequential designation | 21 May 2003 (1) |
| 520 ## - SUMMARY, ETC. | |
| Summary, etc. | ODPM has updated its "Building control performance standards" which should be adopted by local authorities and approved inspectors. The guidance codifies existing best practice, emphasising self-review and continuous improvement and states that the building control function is the same whether carried out by local authority or approve inspector. The standards cover policy, resources, consultation, assessment of plans as well as site inspection, certificates at completion, records archiving, CPD, performance review, quality management, business ethics and complaints procedures. The standards are available at http://www.safety.odpm.gov.uk/bregs/bcps/. http://www.rics.org/ricscms/bin/show?class=News&template=/includes/shownews.html&id=5874&faculty=Building%20Control&faculty=All%20Faculties |
| 590 ## - LOCAL NOTE (RLIN) | |
| Local note | WB |
| 650 ## - SUBJECT ADDED ENTRY--TOPICAL TERM | |
| Topical term or geographic name entry element | BUILDING CONTROL PERFORMANCE STANDARDS |
| 650 ## - SUBJECT ADDED ENTRY--TOPICAL TERM | |
| Topical term or geographic name entry element | BUILDING REGULATIONS |
| 9 (RLIN) | 6224 |
| 650 ## - SUBJECT ADDED ENTRY--TOPICAL TERM | |
| Topical term or geographic name entry element | SITE INSPECTION |
| 650 ## - SUBJECT ADDED ENTRY--TOPICAL TERM | |
| Topical term or geographic name entry element | BUILDING CONTROL |
| 9 (RLIN) | 6222 |
| 650 ## - SUBJECT ADDED ENTRY--TOPICAL TERM | |
| Topical term or geographic name entry element | BUILT ENVIRONMENT-BUILDING CONTRACT FORMS-CERTIFICATES OF COMPLETION |
| 690 ## - LOCAL SUBJECT ADDED ENTRY--TOPICAL TERM (OCLC, RLIN) | |
| Topical term or geographic name as entry element | BUILT ENVIRONMENT-BUILDING STANDARDS |
| 942 ## - ADDED ENTRY ELEMENTS (KOHA) | |
| Suppress in OPAC | 0 |
| Withdrawn status | Lost status | Source of classification or shelving scheme | Damaged status | Not for loan | Home library | Current library | Shelving location | Date acquired | Total Checkouts | Full call number | Barcode | Date last seen | Copy number | Price effective from | Koha item type |
|---|---|---|---|---|---|---|---|---|---|---|---|---|---|---|---|
| Dewey Decimal Classification | London | London | News article | 28/05/2003 | WB3920-01 | 122430-1001 | 06/08/2019 | 1 | 06/08/2019 | News article |